000
00329 a2200157 4500
001
60950
020
_a
9788532257604
040
_c
Anchieta - Pituba
100
_a
Boulos Júnior, Alfredo
240
1
0
_a
História
_l
por
245
1
0
_a
História
300
_a
288
362
0
_a
2009
650
4
_a
História do mundo
942
_c
BK
999
_c
60950
_d
60950